00486nam a22001817a 4500003000400000005001700004008004100021020001500062050002500077082002300102245005800125260006200183300001000245521002100255526001600276541000600292562000600298OSt20140310182830.0130603t xxu||||| |||| 00| 0 eng d a9810048297 aHG 8751 b.G614 1993 aM 368.3 bG55 1993 a55 Reasons Why People Buy Life InsurancecGoh, Andrew aSingaporebAchievement Growth Consultancy PTE LTD.cc1993 a55 p. acollege students c1210L-1700L j1 e1